000 00787nam a2200253 4500
003 OSt
005 20240608032540.0
006 a
008 240608b |||||||| |||| 00| 0 eng d
020 _a9781439041987
040 _aDWCL-Main lib.
_cOC
082 _2Int'l student edition
_aCirc. 004 S545d 2011
100 _aShelly, Gary B.
245 _aDiscovering computers 2010 : living in a digital world : brief /
250 _aInt'l student edition
260 _aBoston, MA :
_bCourse Technology,
_cc2011.
300 _axxiv,
_b456 p. : col. ill. ;
_c27 cm.
504 _aIncludes appendices.
650 _a1. Computer networks.
650 _a2. Computer science.
650 _a3. Computers.
700 _aGary B. Shelly
942 _2ddc
_n0
_cBK-CIRC
_eInt'l student edition
_kCirc.
999 _c407
_d407